000 00806cam a2200301 i 4500
001 0000431
003 DO-SdBNP
005 20230123084924.0
007 0000431
008 100514s2005 ck | |||| 000 f spa
015 _a
017 _a
_b
020 _a9587043383
035 _a
040 _aBPMSU
_bspa
_cBPMSU
_e
080 _a
082 4 _a303.66
_bR436h 2005
_222
100 1 _aRestrepo, Laura
245 1 0 _aHistoria de un entusiasmo /
_cLaura Restrepo
_h
260 _aBogotá :
_bAguilar,
_c2005.
300 _a385 p.:
_c25 cm
500 _aIncluye datos biográficos del autora en la solapa de la cubierta
590 _6Inventariado, 2022/VM
650 4 _aPaz
_zColombia
650 4 _aGuerrillas
_zColombia
910 _aYLOCKWARD/ VMateo V./Validado
942 _2ddc
_cBK
999 _c10515
_d10515